000 00633nam a22002417a 4500
003 UA-OsUOA
001 59202
007 ta
008 20090313b un ||||| |||| 00| 0 ukr d
090 _a330
_bФ59
942 _cMG
040 _aUA-OsUOA
_brus
_cUA-OsUOA
_dUA-OsUOA
245 _aФинансовые услуги
_cГлав. ред. Захаревич Н.
300 _a56 с.
955 _a1
041 _arus
080 _a330
260 _aК.
246 3 1 _aВсеукраинский аналитический журнал
_n
044 _aUA
962 _a1997
650 7 _a330 Економіка взагалі
_2UDC
999 _c330292
_d330292